000 00188nam a2200073Ia 4500
008 170817s9999 xx 000 0 und d
100 _aSingh.K.P
245 0 _aShiksha Ke Darshanik Adhar
260 _bAgarwal Prakashan Agara
999 _c39466
_d39466